00702nam a2200205Ia 4500008004100000020001800041020002200059040006100081041000800142100002400150245008800174250001200262260005200274300003800326500002200364650003600386650003000422650001500452700002900467130821s2008 xxua grff eng  a1 4130 1171 3 a978 1 4130 1171 5 aCo-BoUCMbspac[Nuevo]dAldemar Mondragón (modificó)00aeng1 aWinkler, Anthony C.10aWriting the research paper a handbookcAnthony C. Winkler, Jo Ray McCuen-Metherell a7th ed. aBoston, Estados UnidosbThomson Wadsworthc2008 axxi, 358 páginasbilustraciones aIncluye índice. aEscritos académicosvManuales aInvestigaciónvManuales aLiteratura1 aMcCuen-Metherel, Jo Ray.